000 00505nam a2200217Ia 4500
003 0100
008 130303s9999 xx 000 0 und d
020 _a0745630375
040 _cARRUPELIB
050 _aB1647.M144D4 20004
100 _aDe Gaynesford, Maximilian
245 _aJohn McDowell
260 _aCambridge
260 _bPolity Press
260 _C2004
300 _a232p.
300 _b 23cm.
650 _bPhilosophy, Buddhism
650 _cBuddism - Doctrines
942 _2lcc
_02
999 _c64795
_d64795